00757nam a22002057a 450000500170000001000130001702000220003003500130005203700160006504000120008108200130009310000200010624502320012626000290035827000350038730000240042250000500044665000260049665000290052220170124105933.0 aA-896111 c300.00a818517377 aA-896111 bCen Lib/Ret aDPLbEN a370bAGG aAggarwal, J. C. aMajor recommendations of international commission on education for the twenty-first century and their implications :cby J C Aggarwalb recent diverse issues in education : world educational data : comparative country profile / aDelhibDoaba Housec1997 a1688, Nai SarakbDelhie110006 avii,229p.c22cm(Hb) aIncludes bibliographical references and index aComparative education aEducation -- Forecasting